000
00320nam a22001457a 4500
003
SGT
020
_a
978-1-63241-199-0
082
_a
616.2
_b
E15M
100
_a
GLASS, MICHAEL
245
_a
ENCYCLOPEDIA OF RESPIRATORY DISEASES
250
_a
1ST
260
_a
NEW YORK
_b
HAYLE
_c
2015
300
_a
246
942
_2
ddc
_c
BK
999
_c
16985
_d
16985